Response of rodents to habitat fragmentation in coastal southern California (Registro nro. 10842)

Detalles MARC
000 -CABECERA
Campo de control 005690000a22001930004500
090 ## - CLASIFICACIÓN LOCAL
Colección AR
Consecutivo 01764
041 0# - IDIOMA
Código de idioma para texto/pista de sonido o título separado
100 1# - ASIENTO PRINCIPAL--NOMBRE PERSONAL
Nombre personal Bolger, Douglas T.
245 10 - MENCION DE TITULO
Título Response of rodents to habitat fragmentation in coastal southern California
650 14 - ASIENTO SECUNDARIO DE MATERIA - TERMINO TEMATICO
Término temático o nombre geográfico como elemento de entrada Ecología del paisaje
650 14 - ASIENTO SECUNDARIO DE MATERIA - TERMINO TEMATICO
Término temático o nombre geográfico como elemento de entrada Roedores
650 14 - ASIENTO SECUNDARIO DE MATERIA - TERMINO TEMATICO
Término temático o nombre geográfico como elemento de entrada Evolución
651 #4 - ASIENTO SECUNDARIO DE MATERIA - NOMBRE GEOGRAFICO
-- California
-- Estados Unidos
653 ## - TERMINO DE INDIZACION - NO CONTROLADO
-- Neotoma
653 ## - TERMINO DE INDIZACION - NO CONTROLADO
-- Peromyscus
653 ## - TERMINO DE INDIZACION - NO CONTROLADO
-- Perognathus
773 1# - Item fuente:
Título Ecological Applications
Especificación de materiales 153
Descripción física 2
Paginas del Articulo 552-563
Lugar, editorial y fecha de publicación 1997
Información sobre la relación 7
942 ## - ELEMENTOS ADICIONALES (KOHA)
Tipo de ítem Artículo
Existencias
Withdrawn status Lost status Damaged status No para préstamo Colección Ubicación Permanente Ubicación actual Fecha de adquisición Fuente de Valor Datos de publicación Seriada Total Checkouts Número topográfico Inventario / Código de Barras Date last seen Ejemplar Price effective from Forma de adquisición Tipo de material
      No para Préstamo Hemeroteca Bogotá Bogotá 27/02/2015 Muñoz Saba, Yaneth Fuera de circulación   AR 01764 012126 25/03/2015 1 25/03/2015   Artículo